Εθνική τράπεζα της Ελλάδος : εκθεσις του διοικητού κ. Δημητρίου Χέλμη εξ ονόματος του διοικητικού συμβουλίου της τραπέζης κατά την γενική συνέλευση των μετοχών της 22ας Απριλίου 1963

Αποθηκεύτηκε σε:
Λεπτομέρειες βιβλιογραφικής εγγραφής
Κύριος συγγραφέας: Χέλμης, Δημήτριος
Μορφή: Βιβλίο
Γλώσσα:Greek
Δημοσίευση: Αθήνα : Εθνική τράπεζα της Ελλάδος, 1963
Θέματα:
Ετικέτες: Προσθήκη ετικέτας
Δεν υπάρχουν, Καταχωρήστε ετικέτα πρώτοι!

MARC

LEADER 00000nam a2200000 i 4500
001 1/103354
008 950515s gre d
035 |l 10012854 
040 |a GR-MY-UA  |b gre  |e aacr 
041 0 |a gre 
082 0 |a 332.109495 
100 1 |a Χέλμης, Δημήτριος. 
245 1 0 |a Εθνική τράπεζα της Ελλάδος :  |b εκθεσις του διοικητού κ. Δημητρίου Χέλμη εξ ονόματος του διοικητικού συμβουλίου της τραπέζης κατά την γενική συνέλευση των μετοχών της 22ας Απριλίου 1963 /  |c Δημήτριος Ε. Χέλμης 
260 |a Αθήνα :   |b Εθνική τράπεζα της Ελλάδος,   |c 1963 
300 |a 37 σ. 
610 2 0 |a Εθνική Τράπεζα της Ελλάδος. 
650 0 0 |a Banks and banking  |z Greece. 
852 |a INST  |b LESVOS  |e 19950515  |h 332.109495 ΧΕΛ  |p 005100000823  |q 005100000823  |t BK  |y 0 
909 |a Λ  |b 015422